[Event "Quebec-ch Intercoll"]
[Site "Montreal"]
[Date "1990.04.14"]
[Round "4"]
[White "Gravel, Simon M"]
[Black "Maisonneuve, Sebastien"]
[Result "1-0"]
[WhiteElo "2026"]
[BlackElo "1441"]
[PlyCount "95"]
[EventDate "1990.04.13"]
[EventType "swiss"]
[EventRounds "6"]
[EventCountry "CAN"]
[SourceTitle "EXT 2022"]
[Source "ChessBase"]
[SourceDate "2021.10.06"]
[SourceVersion "1"]
[SourceVersionDate "2021.10.06"]
[SourceQuality "1"]

1. e4 c5 2. Nf3 e6 3. d4 cxd4 4. Nxd4 a6 5. Bd3 Qc7 6. 0-0 Nc6 7. Nxc6 bxc6 8. Nc3 Nf6 9. f4 Be7 10. e5 Nd5 11. Nxd5 cxd5 12. Qg4 g6 13. Be3 d6 14. Kh1 0-0 15. Bd4 f5 16. Qh3 dxe5 17. Bxe5 Bd6 18. Rae1 Bxe5 19. Rxe5 Qg7 20. Qe3 Qc7 21. a4 a5 22. b3 Qc3 23. Qe1 Qd4 24. Bb5 Kf7 25. c4 dxc4 26. Bxc4 Qb6 27. Qh4 Rh8 28. Rfe1 Ra7 29. Qh3 Bd7 30. Bxe6+ Bxe6 31. Rxe6 Qd8 32. Qc3 Rd7 33. Qc4 Kg7 34. h3 Rd4 35. Qc3 Kh6 36. R1e5 Rxf4 37. Qe3 Qd4 38. Qxd4 Rxd4 39. Rxa5 Rb4 40. Rb5 Rxb5 41. axb5 Rb8 42. b6 Kg7 43. Kg1 Kf8 44. Kf2 Kf7 45. Rc6 Ke8 46. b4 Rb7 47. b5 Kd8 48. Ke3 1-0